Представление документа в формате RUSMARC

ПолеНазваниеЗначение
  Тип записи a
  Библиографический уровень m
001 Контрольный номер e324e13a72364a158bdc141be647c504
005 Дата корректировки 20250120131317.7
010 Индекс ISBN __
a ISBN 978-5-6052552-1-5
b Уточнения в пер.
100 Данные общей обработки __
a Данные общей обработки 20241204d 0rusy0189## ca
101 Язык документа 0_
a Язык текста rus
102 Страна публикации __
a Страна публикации RU
200 Заглавие и сведения об ответственности 1_
a Заглавие Тёмное прошлое
e Сведения, относящиеся к заглавию пальмовый дневник каракала полиции
e Сведения, относящиеся к заглавию [для младшего и среднего школьного возраста]
f Первые сведения об ответственности Анна Старобинец
g Последующие сведения об ответственности худож.: Август Ро
210 Выходные данные 1_
a Место издания Москва
c Издательство Абрикобукс
d Дата издания 2024
215 Физическое описание __
a Объем 193, [7] с.
c Иллюстрации/тип воспроизводства цв. ил.
225 Серия 2_
a Серия Зверский детектив
v Обозначение тома кн. 7
333 Примечание о целевом назначении __
a Примечание о целевом назначении 6+
517 Другие варианты заглавия 1_
a Другие варианты заглавия Темное прошлое
606 Тематические рубрики 0_
a Основная рубрика Русская детская литература, 21 в.
610 Ключевые слова 0_
a Ключевые слова детские детективы; африканские саванны (х. л.); звери (х. л.); звери-сыщики (х. л.); расследования преступлений (х. л.); сыщики (х. л.); прошлое (х. л.); необыкновенные приключения (х. л.); детективные расследования (х. л.)
686 Индексы других классификаций __
a Классификационный индекс Р2
700 Автор _1
a Фамилия Старобинец
b Имя (инициалы) А. А.
g Полное личное имя Анна Альфредовна
801 Источник записи _0
a Страна RU
b Организация УОБДЮ
c Дата составления 20241204
g Правила каталогизации RCR
801 Источник записи _1
a Страна RU
b Организация УОБДЮ
c Дата составления 20241204
g Правила каталогизации RCR
852 Данные о местонахождении __
i Авторский знак С 77
j Шифр хранения Р2
900 Электронные ресурсы __
a Имя электронного ресурса 589858
901 Тип документа __
t Тип документа m
905 Данные по созданию БЗ __
b Логин пользователя, который создал БЗ imm
b Логин пользователя, который создал БЗ o8
a Дата создания БЗ 202501
909 Создатель записи __
b Дата создания записи 20241204